Datum a čas kvízu
22.5
Celkem bodů
Celkový počet nahraných bodů na tomto kvízu bez doplňovacích otázek.
8.
Pořadí na kvízu
Konečné umístění týmu na tomto kvízu.
Zaznamenané odpovědi
| # | Otázka | Odpověď | Body | Výsledky |
|---|---|---|---|---|
| 1. | Do Česka byl z německého Hanno... | vombat | 1 | |
| 2. | Jedna tchajwanská společnost z... | Litva | 1 | |
| 3. | Ukrajinskému ministru kultury... | Emily in Paris | 1 | |
| 4. | V úterý jedna společnost defin... | BlackBerry | 0 | |
| 5. | Hokejisty Pardubic po neshodác... | Jakub Nakládal | 0 | |
| 6. | V následujícím tématu si připo... | Eleonora Šomková, Lori | 0 | |
| 7. | Herec Heath Ledger zemřel neče... | Kletba bratří Grimmů, Legendy z Dogtownu | 1 | |
| 8. | Anne Franková je navzdory svém... | Bergen-Belsen | 0 | |
| 9. | Nevynecháme ani známé hudebník... | 2011 | 0 | |
| 10. | V poslední otázce se vrátíme n... | 1C 2D 3A 4B | 0 |